| 000 | 01174nam a2200301 i 4500 | ||
|---|---|---|---|
| 001 | 193675 | ||
| 003 | ES-MaACL | ||
| 005 | 20240207140309.0 | ||
| 007 | ta | ||
| 008 | 240205s1909 fr a fre 000 0 fre d | ||
| 040 |
_aABES _bfre _eAFNOR _cES-MaACL |
||
| 080 | _2621.3:537 | ||
| 100 | 0 |
_aVigneron, Eugéne _9114648 _eaut |
|
| 245 | 1 | 0 |
_aLe courant électrique / _cpar Eug. Vigneron ... |
| 264 | 1 |
_aParis : _bLibrairie des Sciences et de l'Industrie : _bL.Geisler, imprimeur-éditeur, _c1909. |
|
| 300 |
_aXXII, 112 páginas : _bilustraciones (blanco y negro), diagramas ; _c25 cm. |
||
| 336 |
_btxt _2rdacontent _aTexto |
||
| 337 |
_bn _2rdamedia _asin mediación |
||
| 337 |
_bn _2isbdmedia _asin mediación |
||
| 338 |
_bnga _2RDAfrCarrier _avolumen |
||
| 490 | 1 |
_aEncyclopédie électrotechnique ; _v2e Fascicule |
|
| 650 | 4 |
_aElectrotecnia _912169 |
|
| 830 |
_aEncyclopédie électrotechnique _9235039 _v2 |
||
| 852 |
_aES-MaACL _bR.M.8230 _cSVI _jD-8684 _fSello en tinta en portada: "Ateneo de Madrid. Biblioteca" _9201196 |
||
| 942 |
_n0 _cMONOGRAFIA |
||
| 999 |
_c193675 _d193675 |
||